000
00309nam a22001337a 4500
082
_a
894.812
_b
KUL/S
100
_a
KULANGARA, GEORGE
245
_a
SURYANAEPPOLE ACHAN
260
_a
KOTTAYAM
_b
LABOUR INDIAN EDUCTIONAL RESEARCH CENTRE
_c
2007
300
_a
54
520
_a
NOVEL
650
_a
NOVEL
942
_c
BK
999
_c
4956
_d
4956